Novísimo diamante del paraiso : completísimo devocionario que contiene cuanto debe practicar el cristiano cada día ..., aumentado con varios rezos é himnos de la iglesia en latín y la semana santa / revisado por M. Rodríguez completísimo devocionario que contiene cuanto debe practicar el cristiano cada día ..., aumentado con varios rezos é himnos de la iglesia en latín y la semana santa / revisado por M. Rodríguez
MARC
| LEADER | 00000nam a2200000Ia 4500 | ||
|---|---|---|---|
| 001 | 14599 | ||
| 008 | 160829s1852 xx 000 0 cat d | ||
| 080 | |a F-1-68 | ||
| 245 | |a Novísimo diamante del paraiso : |b completísimo devocionario que contiene cuanto debe practicar el cristiano cada día ..., aumentado con varios rezos é himnos de la iglesia en latín y la semana santa / revisado por M. Rodríguez | ||
| 260 | |a Barcelona : |b Libr. de Estevan Pujal, |c 1852 | ||
| 300 | |a 512 p., [8] f. de làm. : |b il. ; |c 14 cm | ||
| 590 | |a Enquadernació en pell ornamentada amb daurats | ||
| 650 | |a Devocionaris |9 29108 | ||
| 700 | |a Rodríguez, M. |9 29109 | ||
| 901 | |a Arxiu | ||
| 942 | |n 1 | ||
| 952 | |0 0 |1 0 |4 0 |6 F168 |7 1 |9 45065 |a Arxiu |b Arxiu |d 2016-12-01 |l 0 |o F-1-68 |p 14599 |r 2016-12-01 00:00:00 |w 2016-12-01 |y ARXIU | ||
| 999 | |c 47685 |d 47685 | ||